Music Quiz

Random Music or The Beatles Quiz

Ringo's Voice Quiz Stats

 Plays Quiz not verified by Sporcle

Support Sporcle.
Go Orange.
Score 0/13 Timer 04:00
0 Plays Today
Album Song % Correct
Abbey RoadOctopus's Garden
94.2%
RevolverYellow Submarine
89.3%
Sgt. Pepper's Lonely Hearts Club BandWith a Little Help From My Friends
87.6%
Please Please MeBoys
76%
HelpAct Naturally
74.4%
The White AlbumDon't Pass Me By
73.6%
The White AlbumGood Night
69.4%
Rubber SoulWhat Goes On
67.8%
With the BeatlesI Wanna Be Your Man
62%
Abbey RoadCarry That Weight
60.3%
Past Masters Volume 1Matchbox
58.7%
Beatles for SaleHoney Don't
57.9%
The White AlbumThe Continuing Story of Bungalow Bill
45.5%

You're not logged in!

Compare scores with friends on all Sporcle quizzes.
OR
Log In

From the Vault

Irish Words You Probably Know

by markassonne

The English language just rifles through all the other languages and takes whatever sounds neat.
Remove Ads.
Support Sporcle.
Get the best of Sporcle when you Go Orange. This ad-free experience offers more features, more stats, and more fun while also helping to support Sporcle. Thank you for becoming a member.

Show Comments

Extras

Top Quizzes Today


Score Distribution

Your Account Isn't Verified!

In order to create a playlist on Sporcle, you need to verify the email address you used during registration. Go to your Sporcle Settings to finish the process.

Report this User

Report this user for behavior that violates our Community Guidelines.

Details: